[Event "Mittelfrank Regionalliga Nord-West 2122"]
[Site "Mittelfranken"]
[Date "2022.05.29"]
[Round "9.8"]
[White "Mueller, Kai"]
[Black "Wuest, Michael"]
[Result "1-0"]
[WhiteElo "1773"]
[BlackElo "1794"]
[PlyCount "113"]
[EventDate "2021.10.24"]
[EventType "team-tourn"]
[EventRounds "9"]
[EventCountry "GER"]
[SourceTitle "EXT 2024"]
[Source "ChessBase"]
[SourceDate "2023.10.10"]
[SourceVersion "1"]
[SourceVersionDate "2023.10.10"]
[SourceQuality "1"]
[WhiteTeam "Kitzingen"]
[BlackTeam "Hof PTSV"]
[WhiteTeamCountry "GER"]
[BlackTeamCountry "GER"]

1. e4 d6 2. Nf3 Nf6 3. c3 g6 4. Bd3 Bg7 5. Bc2 0-0 6. 0-0 Bg4 7. h3 Bxf3 8. Qxf3 Nc6 9. d4 e5 10. Be3 h6 11. Rd1 Qe7 12. Nd2 Nh7 13. Nf1 Ng5 14. Qg4 Rfe8 15. d5 Nb8 16. Ba4 Rf8 17. Bxg5 hxg5 18. Ne3 a5 19. a3 Na6 20. b4 Qf6 21. Bb5 Qf4 22. Bxa6 Rxa6 23. g3 Qxg4 24. hxg4 axb4 25. cxb4 Re8 26. Nc4 Rf8 27. a4 f5 28. gxf5 gxf5 29. exf5 Rxf5 30. b5 Ra8 31. b6 e4 32. Ra2 Be5 33. bxc7 Rc8 34. g4 Rxc7 35. gxf5 Rxc4 36. Rb1 Rc7 37. Rb4 Kf7 38. Rxe4 Kf6 39. Kg2 Kxf5 40. Ree2 Rc5 41. Red2 g4 42. Rac2 Ra5 43. Rc4 b5 44. axb5 Rxb5 45. Rc8 Ra5 46. Rf8+ Ke4 47. Rd1 Ra2 48. Rg8 g3 49. Rxg3 Bxg3 50. Kxg3 Ra5 51. Kg4 Rxd5 52. f3+ Ke5 53. f4+ Ke6 54. Rxd5 Kxd5 55. f5 Ke5 56. Kg5 d5 57. f6 1-0

[Event "Mittelfrank Regionalliga Nord-West 2122"]
[Site "Mittelfranken"]
[Date "2022.03.13"]
[Round "6.8"]
[White "Wuest, Michael"]
[Black "Neuberg, Hans Gerhard"]
[Result "1/2-1/2"]
[WhiteElo "1794"]
[BlackElo "1658"]
[PlyCount "96"]
[EventDate "2021.10.24"]
[EventType "team-tourn"]
[EventRounds "9"]
[EventCountry "GER"]
[SourceTitle "EXT 2024"]
[Source "ChessBase"]
[SourceDate "2023.10.10"]
[SourceVersion "1"]
[SourceVersionDate "2023.10.10"]
[SourceQuality "1"]
[WhiteTeam "Hof PTSV"]
[BlackTeam "Kronach"]
[WhiteTeamCountry "GER"]
[BlackTeamCountry "GER"]

1. e4 e5 2. Nf3 Nc6 3. Bb5 a6 4. Ba4 Be7 5. 0-0 Nf6 6. d3 b5 7. Bb3 0-0 8. h3 Na5 9. Nxe5 d6 10. Nf3 Nxb3 11. axb3 Bb7 12. Nbd2 d5 13. e5 Ne8 14. Re1 c5 15. Nf1 Nc7 16. Ng3 f6 17. e6 Qc8 18. Nf5 Re8 19. Bf4 g6 20. Nh6+ Kg7 21. Bxc7 Qxc7 22. Qd2 Bd6 23. Ng4 Bf4 24. Qe2 Bc8 25. e7 h5 26. Ngh2 Bd6 27. Qf1 g5 28. g4 hxg4 29. hxg4 Rxe7 30. Rxe7+ Qxe7 31. Re1 Qc7 32. Re8 Bb7 33. Qe2 Qc6 34. Rxa8 Bxa8 35. d4 c4 36. Nf1 Qd7 37. Ne3 Bf4 38. Nf5+ Kg6 39. Kg2 Kf7 40. b4 Bb7 41. c3 Bc8 42. Ne1 Qd8 43. Nc2 Bxf5 44. gxf5 Qh8 45. Qe6+ Kg7 46. Qe7+ Kg8 47. Qe8+ Kg7 48. Qe7+ Kg8 1/2-1/2

[Event "Regionalliga Nord-West 1718"]
[Site "Bayern"]
[Date "2018.01.21"]
[Round "5.3"]
[White "Wuest, Michael"]
[Black "Wurm, Alexander"]
[Result "0-1"]
[WhiteElo "1851"]
[BlackElo "2099"]
[PlyCount "62"]
[EventDate "2017.10.22"]
[EventType "team-tourn"]
[EventRounds "9"]
[EventCountry "GER"]
[SourceTitle "EXT 2022"]
[Source "ChessBase"]
[SourceDate "2021.10.06"]
[SourceVersion "1"]
[SourceVersionDate "2021.10.06"]
[SourceQuality "1"]
[WhiteTeam "Hof PTSV"]
[BlackTeam "Stetten"]
[WhiteTeamCountry "GER"]
[BlackTeamCountry "GER"]

1. d4 d5 2. c4 e6 3. Nc3 Nf6 4. Nf3 c6 5. cxd5 exd5 6. Bg5 Be7 7. e3 Nbd7 8. Qc2 0-0 9. Bd3 Re8 10. 0-0 Nf8 11. Rab1 a5 12. a3 Bd6 13. b4 axb4 14. axb4 Bg4 15. b5 Bxf3 16. gxf3 Ng6 17. bxc6 bxc6 18. Rb7 Qc8 19. Rfb1 Qh3 20. Bf5 Bxh2+ 21. Kh1 Qxf3+ 22. Kxh2 Qh5+ 23. Bh3 Qxg5 24. Rg1 Qh5 25. Ne2 Qf3 26. Ng3 Nh4 27. Rb6 Ng4+ 28. Bxg4 Qxg4 29. Rc1 Nf3+ 30. Kg2 h5 31. Qf5 Nh4+ 0-1

[Event "Regionalliga Nord-West 1718"]
[Site "Bayern"]
[Date "2017.10.22"]
[Round "1.4"]
[White "Haasner, Tom"]
[Black "Wuest, Michael"]
[Result "1/2-1/2"]
[WhiteElo "1925"]
[BlackElo "1851"]
[PlyCount "95"]
[EventDate "2017.10.22"]
[EventType "team-tourn"]
[EventRounds "9"]
[EventCountry "GER"]
[SourceTitle "EXT 2022"]
[Source "ChessBase"]
[SourceDate "2021.10.06"]
[SourceVersion "1"]
[SourceVersionDate "2021.10.06"]
[SourceQuality "1"]
[WhiteTeam "Rottendorf"]
[BlackTeam "Hof PTSV"]
[WhiteTeamCountry "GER"]
[BlackTeamCountry "GER"]

1. d4 e6 2. c4 f5 3. Nf3 Nf6 4. g3 d5 5. Bg2 c6 6. 0-0 Be7 7. Nc3 0-0 8. b3 Bd7 9. Na4 Ne4 10. Nb2 Be8 11. Nd3 Nd7 12. Bb2 Bh5 13. Qe1 Qe8 14. Nfe5 Nxe5 15. Nxe5 Bd6 16. f3 Nf6 17. Qd2 Qe7 18. Kh1 Rad8 19. c5 Bb8 20. b4 Nd7 21. Qc2 Nxe5 22. dxe5 f4 23. Qd2 Qg5 24. gxf4 Qxf4 25. Qxf4 Rxf4 26. Bc3 Bg6 27. e3 Rc4 28. Rac1 Rf8 29. f4 Bf5 30. Kg1 Bc7 31. Rfe1 Bd8 32. Bf1 Bh4 33. Red1 Bg4 34. Bxc4 Bxd1 35. Bxd5 Bg4 36. Be4 g5 37. Rc2 Bh3 38. Bd2 Rf7 39. Bg2 Bg4 40. h3 Bh5 41. Be4 gxf4 42. exf4 Rg7+ 43. Kf1 Rd7 44. Bc3 Rd1+ 45. Kg2 Rd7 46. f5 Rg7+ 47. Kh1 exf5 48. Bg2 1/2-1/2

[Event "Wiesbaden op 29th"]
[Site "Wiesbaden"]
[Date "2017.08.25"]
[Round "2"]
[White "Flach, Erich"]
[Black "Wuest, Michael"]
[Result "1-0"]
[WhiteElo "2105"]
[BlackElo "1907"]
[PlyCount "85"]
[EventDate "2017.08.24"]
[EventType "swiss"]
[EventRounds "7"]
[EventCountry "GER"]
[SourceTitle "CBM 180 Extra"]
[Source "ChessBase"]
[SourceDate "2017.10.06"]
[SourceVersion "1"]
[SourceVersionDate "2017.10.06"]
[SourceQuality "1"]

1. c4 e6 2. Nc3 f5 3. g3 Nf6 4. Bg2 d5 5. e3 c6 6. Nf3 Bd6 7. 0-0 0-0 8. b3 Nbd7 9. cxd5 exd5 10. d3 Qe7 11. Qc2 Ne5 12. Nxe5 Bxe5 13. Bb2 Bd7 14. Rac1 Rae8 15. Ne2 Bxb2 16. Qxb2 Ng4 17. Qd4 Qg5 18. h3 Nf6 19. Rc2 b6 20. b4 Qh6 21. a4 g5 22. f4 Qg7 23. Kf2 Re7 24. fxg5 Qxg5 25. Qf4 h6 26. Qxg5+ hxg5 27. Nd4 Rfe8 28. Re2 c5 29. bxc5 bxc5 30. Nb5 Bxb5 31. axb5 d4 32. Rfe1 Rxe3 33. Rxe3 Rxe3 34. Rxe3 dxe3+ 35. Kxe3 Nh5 36. h4 Nxg3 37. hxg5 Nh5 38. Bh3 Ng7 39. Kf4 Ne6+ 40. Kxf5 Nd4+ 41. Kf6 Nxb5 42. Be6+ Kf8 43. g6 1-0

[Event "Regionalliga NW 1516"]
[Site "Bayern"]
[Date "2016.01.17"]
[Round "5.6"]
[White "Koch, Stefan1111"]
[Black "Wuest, Michael"]
[Result "1-0"]
[WhiteElo "1897"]
[BlackElo "1879"]
[PlyCount "87"]
[EventDate "2015.10.11"]
[EventType "team-tourn"]
[EventRounds "9"]
[EventCountry "GER"]
[SourceTitle "EXT 2018"]
[Source "ChessBase"]
[SourceDate "2017.10.13"]
[SourceVersion "1"]
[SourceVersionDate "2017.10.13"]
[SourceQuality "1"]
[WhiteTeam "Kirchenlaibach"]
[BlackTeam "Hof PTSV"]
[WhiteTeamCountry "GER"]
[BlackTeamCountry "GER"]

1. e4 c6 2. Nf3 d5 3. Nc3 dxe4 4. Nxe4 Nf6 5. Ng3 g6 6. Bc4 Bg7 7. Qe2 0-0 8. a4 Bg4 9. h3 Bxf3 10. Qxf3 Nbd7 11. a5 Ne5 12. Qb3 Nxc4 13. Qxc4 Qd5 14. Qxd5 Nxd5 15. Ne2 Nb4 16. Kd1 Rad8 17. Ra4 c5 18. b3 Rd7 19. f4 Rfd8 20. Rf1 e6 21. Rf3 a6 22. d3 h5 23. Ba3 Bf8 24. Bb2 Nc6 25. Bf6 Rc8 26. g4 hxg4 27. hxg4 Bg7 28. Bxg7 Kxg7 29. f5 exf5 30. gxf5 Rh8 31. f6+ Kg8 32. Re4 Rh1+ 33. Kd2 Rh2 34. Kc3 Nd4 35. Re8+ Kh7 36. Nxd4 cxd4+ 37. Kb4 Rd5 38. Re7 Rb5+ 39. Kc4 Rxc2+ 40. Kxd4 Rb4+ 41. Ke3 Rh2 42. Rxf7+ Kh6 43. Rh7+ Kxh7 44. f7 1-0

[Event "Regionalliga NW 1314"]
[Site "Bayern"]
[Date "2013.11.10"]
[Round "2.7"]
[White "Wuest, Michael"]
[Black "Nuernberger, Stefan"]
[Result "1/2-1/2"]
[WhiteElo "1874"]
[BlackElo "2032"]
[PlyCount "68"]
[EventDate "2013.10.13"]
[EventType "team-tourn"]
[EventRounds "9"]
[EventCountry "GER"]
[SourceTitle "EXT 2015"]
[Source "ChessBase"]
[SourceDate "2014.11.20"]
[SourceVersion "1"]
[SourceVersionDate "2014.11.20"]
[SourceQuality "1"]
[WhiteTeam "Hof"]
[BlackTeam "Marktleuthen"]
[WhiteTeamCountry "GER"]
[BlackTeamCountry "GER"]

1. e4 d6 2. d4 Nf6 3. Nc3 g6 4. f4 Bg7 5. Nf3 0-0 6. Bd3 Nc6 7. 0-0 Bg4 8. Be3 Nb4 9. Be2 Na6 10. h3 Bxf3 11. Bxf3 c6 12. Qd2 Nc7 13. Rad1 b5 14. f5 Rb8 15. Bh6 b4 16. Ne2 e6 17. Bxg7 Kxg7 18. fxg6 fxg6 19. Nf4 Qe7 20. d5 cxd5 21. exd5 e5 22. Ne6+ Nxe6 23. dxe6 Qxe6 24. Qxd6 Qxd6 25. Rxd6 e4 26. Be2 Rbc8 27. Ra6 Rf7 28. b3 Rcc7 29. Bc4 Rf8 30. Re6 Rd7 31. g4 g5 32. Rf2 h6 33. Kg2 Kg6 34. Kg1 Kg7 1/2-1/2

[Event "Regionalliga NW 1314"]
[Site "Bayern"]
[Date "2013.10.13"]
[Round "1.6"]
[White "Wuest, Michael"]
[Black "Reitz, Helmut"]
[Result "1/2-1/2"]
[WhiteElo "1874"]
[BlackElo "1806"]
[PlyCount "106"]
[EventDate "2013.10.13"]
[EventType "team-tourn"]
[EventRounds "9"]
[EventCountry "GER"]
[SourceTitle "EXT 2015"]
[Source "ChessBase"]
[SourceDate "2014.11.20"]
[SourceVersion "1"]
[SourceVersionDate "2014.11.20"]
[SourceQuality "1"]
[WhiteTeam "Hof"]
[BlackTeam "Wuerzburg II"]
[WhiteTeamCountry "GER"]
[BlackTeamCountry "GER"]

1. d4 Nf6 2. c4 e5 3. dxe5 Ng4 4. Bf4 Nc6 5. Nf3 Bb4+ 6. Nc3 Qe7 7. Qd5 Bxc3+ 8. bxc3 Qa3 9. Qd2 Qe7 10. e3 Ngxe5 11. Nxe5 Nxe5 12. Be2 0-0 13. 0-0 d6 14. Rab1 c6 15. Rfd1 Bf5 16. Rb2 Rfd8 17. Qd4 f6 18. h3 d5 19. cxd5 Rxd5 20. Bc4 Nxc4 21. Qxc4 Be6 22. Rxd5 Bxd5 23. Qd4 b6 24. Rd2 Qe4 25. Qxe4 Bxe4 26. Rd7 b5 27. a3 c5 28. f3 Bg6 29. Rd5 Rc8 30. e4 a5 31. Bd6 b4 32. axb4 axb4 33. cxb4 c4 34. Rc5 Rxc5 35. Bxc5 Be8 36. Kf2 Kf7 37. Ke3 Bb5 38. g3 Ke6 39. f4 g6 40. Kd4 h5 41. h4 Ba6 42. Bf8 Bb5 43. Bc5 Ba6 44. Ba7 Bb7 45. Bb8 c3 46. f5+ gxf5 47. exf5+ Kxf5 48. Kxc3 Ke6 49. Kd4 Kd7 50. Kc5 Kc8 51. Bf4 Bf3 52. Kd6 f5 53. Ke5 Bg4 1/2-1/2

[Event "Regionalliga NW 1112"]
[Site "Bayern"]
[Date "2012.02.05"]
[Round "6.5"]
[White "Wuest, Michael"]
[Black "Reissner, Andreas"]
[Result "1-0"]
[WhiteElo "1886"]
[BlackElo "2026"]
[PlyCount "119"]
[EventDate "2011.10.02"]
[EventType "team-tourn"]
[EventRounds "9"]
[EventCountry "GER"]
[SourceTitle "EXT 2013"]
[Source "ChessBase"]
[SourceDate "2012.11.22"]
[SourceVersion "1"]
[SourceVersionDate "2012.11.22"]
[SourceQuality "1"]
[WhiteTeam "Hof"]
[BlackTeam "Marktleuthen"]
[WhiteTeamCountry "GER"]
[BlackTeamCountry "GER"]

1. d4 Nf6 2. c4 e6 3. Nc3 Bb4 4. e3 b6 5. Nge2 Bb7 6. a3 Be7 7. f3 d5 8. Nf4 Nbd7 9. Be2 Bd6 10. Nh3 Nh5 11. 0-0 Nhf6 12. e4 dxe4 13. fxe4 e5 14. d5 h6 15. Be3 Qe7 16. Nf2 a6 17. Ng4 Bc8 18. Kh1 Bb7 19. Rc1 Nxg4 20. Bxg4 Nf6 21. Bf5 g6 22. Bh3 Kf8 23. Qf3 Kg7 24. Rf2 Ne8 25. Rcf1 f6 26. Be6 Bc8 27. Bxc8 Rxc8 28. Qg4 Rb8 29. h4 h5 30. Qh3 a5 31. Rf3 Rd8 32. Nb5 Rf8 33. Rg3 Qd7 34. Qf5 Qxf5 35. exf5 e4 36. Rxg6+ Kf7 37. Bh6 Rg8 38. Rxg8 Kxg8 39. Re1 Be5 40. b3 Ng7 41. Bxg7 Kxg7 42. Rxe4 c6 43. Nd4 cxd5 44. Ne6+ Kg8 45. Rxe5 fxe5 46. Nxd8 d4 47. Kg1 Kg7 48. Nb7 Kf6 49. Nd6 e4 50. Nxe4+ Kxf5 51. Nd2 Kg4 52. Nf3 d3 53. Ne5+ Kf4 54. Nxd3+ Ke4 55. Nf2+ Kd4 56. g4 hxg4 57. h5 g3 58. Ng4 Kc3 59. h6 Kxb3 60. h7 1-0

[Event "Regionalliga NW 1011"]
[Site "Bayern"]
[Date "2011.03.20"]
[Round "8.7"]
[White "Wuest, Michael"]
[Black "Zoeller, Bernd"]
[Result "0-1"]
[WhiteElo "1927"]
[BlackElo "1867"]
[PlyCount "80"]
[EventDate "2010.10.10"]
[EventType "team-tourn"]
[EventRounds "9"]
[EventCountry "GER"]
[SourceTitle "EXT 2012"]
[Source "ChessBase"]
[SourceDate "2011.11.24"]
[SourceVersion "1"]
[SourceVersionDate "2011.11.24"]
[SourceQuality "1"]
[WhiteTeam "Hof PTSV"]
[BlackTeam "Klingenberg"]
[WhiteTeamCountry "GER"]
[BlackTeamCountry "GER"]

1. d4 Nf6 2. c4 e6 3. Nc3 Bb4 4. e3 0-0 5. Bd3 d5 6. a3 Be7 7. Nf3 b6 8. 0-0 Bb7 9. cxd5 exd5 10. Qc2 Nbd7 11. b4 Rc8 12. Rb1 c6 13. Ne5 h6 14. f4 Nxe5 15. fxe5 Ne8 16. Qe2 Nc7 17. Qg4 Ne6 18. Bd2 Rc7 19. Qf5 g6 20. Qh3 Kg7 21. Rbc1 Bc8 22. Qf3 Bg5 23. g3 Nxd4 24. exd4 Bxd2 25. Rc2 Bxc3 26. Rxc3 Be6 27. Rfc1 Qd7 28. Qf6+ Kg8 29. Bxg6 fxg6 30. Qxg6+ Kh8 31. Qxh6+ Kg8 32. Qg6+ Kh8 33. b5 c5 34. dxc5 d4 35. c6 Qd5 36. Qh6+ Kg8 37. Rc4 Rh7 38. Qg6+ Rg7 39. Qh5 Qe4 40. R4c2 Bd5 0-1

[Event "Friedrichroda op 12th"]
[Site "Friedrichroda"]
[Date "2008.08.08"]
[Round "4"]
[White "Hansch, Karsten"]
[Black "Wuest, Michael"]
[Result "0-1"]
[WhiteElo "1581"]
[BlackElo "2041"]
[PlyCount "80"]
[EventDate "2008.08.06"]
[EventType "swiss"]
[EventRounds "7"]
[EventCountry "GER"]
[SourceTitle "CBM 126 Extra"]
[Source "ChessBase"]
[SourceDate "2008.11.05"]
[SourceVersion "1"]
[SourceVersionDate "2008.11.05"]
[SourceQuality "1"]
[WhiteTeam "Attikis Aspropirgos (W)"]
[BlackTeam "Attikis Aspropirgos (W)"]
[WhiteTeamCountry "GRE"]
[BlackTeamCountry "GRE"]

1. e4 Nf6 2. e5 Nd5 3. d4 d6 4. c4 Nb6 5. exd6 cxd6 6. Nf3 Bg4 7. Be2 e6 8. h3 Bh5 9. Qb3 Nc6 10. d5 Bxf3 11. Bxf3 Nd4 12. Qd3 e5 13. b3 Be7 14. Nd2 0-0 15. 0-0 Nd7 16. Ba3 f5 17. Bd1 Rc8 18. f3 b6 19. g3 Nc5 20. Bxc5 bxc5 21. Be2 Qd7 22. Rae1 Bg5 23. Kh2 Rce8 24. Bd1 Re7 25. h4 Bh6 26. Nb1 g6 27. Nc3 Rfe8 28. Kg2 Qd8 29. Qb1 Bd2 30. Qd3 Bxe1 31. Rxe1 Rf7 32. Kh3 Qf6 33. f4 e4 34. Qe3 Rfe7 35. Rf1 h6 36. Rg1 Nf3 37. Rg2 a6 38. Bc2 Qd4 39. Qxd4 cxd4 40. Nd1 Ne1 0-1

[Event "Friedrichroda op 12th"]
[Site "Friedrichroda"]
[Date "2008.08.07"]
[Round "3"]
[White "Wuest, Michael"]
[Black "Stuemer, Paul"]
[Result "1/2-1/2"]
[WhiteElo "2041"]
[BlackElo "2170"]
[PlyCount "77"]
[EventDate "2008.08.06"]
[EventType "swiss"]
[EventRounds "7"]
[EventCountry "GER"]
[SourceTitle "CBM 126 Extra"]
[Source "ChessBase"]
[SourceDate "2008.11.05"]
[SourceVersion "1"]
[SourceVersionDate "2008.11.05"]
[SourceQuality "1"]
[WhiteTeam "Attikis Aspropirgos (W)"]
[BlackTeam "Attikis Aspropirgos (W)"]
[WhiteTeamCountry "GRE"]
[BlackTeamCountry "GRE"]

1. d4 Nf6 2. c4 g6 3. Nc3 Bg7 4. e4 d6 5. f3 0-0 6. Be3 Nc6 7. Qd2 a6 8. Nge2 Rb8 9. Nc1 e5 10. Nb3 Nh5 11. 0-0-0 Re8 12. g4 exd4 13. Nxd4 Nxd4 14. Bxd4 Bxd4 15. Qxd4 Nf4 16. h4 Qe7 17. Nd5 Nxd5 18. cxd5 c5 19. Qd2 b5 20. g5 Bd7 21. Bh3 c4 22. Bxd7 Qxd7 23. Qf4 b4 24. Kb1 b3 25. a3 c3 26. bxc3 b2 27. h5 Rb3 28. Qf6 Rxa3 29. h6 Ra1+ 30. Kxb2 Rb8+ 31. Kc2 Ra2+ 32. Kd3 Qb5+ 33. Ke3 Qb6+ 34. Kf4 Kf8 35. Qg7+ Ke7 36. Qf6+ Ke8 37. Qh8+ Kd7 38. Qf6 Ke8 39. Qh8+ 1/2-1/2

[Event "Regionalliga NW 0607"]
[Site "Bayern"]
[Date "2007.04.22"]
[Round "9.7"]
[White "Stumpf, Hilmar"]
[Black "Wuest, Michael"]
[Result "1/2-1/2"]
[WhiteElo "1895"]
[BlackElo "1835"]
[PlyCount "120"]
[EventDate "2006.10.15"]
[EventType "team-tourn"]
[EventRounds "9"]
[EventCountry "GER"]
[SourceTitle "EXT 2008"]
[Source "ChessBase"]
[SourceDate "2007.11.25"]
[SourceVersion "1"]
[SourceVersionDate "2007.11.25"]
[SourceQuality "1"]
[WhiteTeam "Nordhalben"]
[BlackTeam "Hof"]
[WhiteTeamCountry "GER"]
[BlackTeamCountry "GER"]

1. d4 e6 2. c4 d5 3. e3 Nf6 4. Nf3 Be7 5. Be2 0-0 6. 0-0 b6 7. b3 Bb7 8. Nbd2 c5 9. Bb2 Nc6 10. a3 Rc8 11. cxd5 exd5 12. Bd3 h6 13. Qe2 Na5 14. Bf5 Ra8 15. Ne5 Re8 16. Bc2 Bd6 17. f4 cxd4 18. exd4 Rc8 19. Rac1 Rc7 20. Bd3 Ree7 21. Rxc7 Rxc7 22. Rc1 Rxc1+ 23. Bxc1 Qc7 24. Bb2 Qe7 25. b4 Nc6 26. Nb3 Nd8 27. g3 Ne4 28. Nf3 Ne6 29. Nh4 Qc7 30. Nd2 Nc3 31. Qg4 Ne4 32. Nf1 Bc8 33. Qf3 Bb7 34. Nf5 Bf8 35. N5e3 Nf6 36. Nd2 a6 37. Qe2 b5 38. Nb3 Bc8 39. Nc5 g6 40. Qf3 Qd6 41. Qg2 Ng7 42. Qc2 Qe7 43. Bc1 h5 44. Nb3 Bh3 45. Qf2 Nge8 46. Nc5 Qc7 47. Bb2 Qd6 48. Qf3 Bg7 49. Bb1 Nc7 50. Bd3 Qe7 51. Qe2 Kh7 52. Kh1 Ng4 53. Nd1 Qxe2 54. Bxe2 Kg8 55. Kg1 Kf8 56. Nf2 Nxf2 57. Kxf2 Ke7 58. Bd3 Bg4 59. Bc2 Kd8 60. Ke3 Ke7 1/2-1/2

[Event "Regionalliga NW 0607"]
[Site "Bayern"]
[Date "2007.04.01"]
[Round "8.8"]
[White "Bizzell, Brandon"]
[Black "Wuest, Michael"]
[Result "1/2-1/2"]
[WhiteElo "1847"]
[BlackElo "1845"]
[PlyCount "66"]
[EventDate "2006.10.15"]
[EventType "team-tourn"]
[EventRounds "9"]
[EventCountry "GER"]
[SourceTitle "EXT 2008"]
[Source "ChessBase"]
[SourceDate "2007.11.25"]
[SourceVersion "1"]
[SourceVersionDate "2007.11.25"]
[SourceQuality "1"]
[WhiteTeam "Bamberg II"]
[BlackTeam "Hof"]
[WhiteTeamCountry "GER"]
[BlackTeamCountry "GER"]

1. e4 e6 2. d3 d5 3. Qe2 d4 4. Nf3 c5 5. g3 Nc6 6. e5 Nge7 7. Bg2 Nd5 8. 0-0 Be7 9. Nbd2 Qc7 10. Re1 b6 11. Nc4 b5 12. Ncd2 Bb7 13. a4 a6 14. axb5 axb5 15. Rxa8+ Bxa8 16. Nb3 h6 17. Nfd2 Ncb4 18. Ne4 0-0 19. c3 dxc3 20. bxc3 Nxd3 21. Qxd3 c4 22. Qc2 cxb3 23. Qxb3 Qxe5 24. Qxb5 Qc7 25. c4 Rb8 26. Qa4 Nb4 27. Qb3 f5 28. Nd2 Bxg2 29. Kxg2 Qc6+ 30. Kg1 Rd8 31. Qf3 Qxf3 32. Nxf3 Nd3 33. Rd1 Nxc1 1/2-1/2

[Event "Regionalliga NW 0607"]
[Site "Bayern"]
[Date "2007.03.18"]
[Round "7.8"]
[White "Wuest, Michael"]
[Black "Kolosnjaji, Janko"]
[Result "1-0"]
[WhiteElo "1845"]
[BlackElo "1885"]
[PlyCount "99"]
[EventDate "2006.10.15"]
[EventType "team-tourn"]
[EventRounds "9"]
[EventCountry "GER"]
[SourceTitle "EXT 2008"]
[Source "ChessBase"]
[SourceDate "2007.11.25"]
[SourceVersion "1"]
[SourceVersionDate "2007.11.25"]
[SourceQuality "1"]
[WhiteTeam "Hof"]
[BlackTeam "Schweinfurt"]
[WhiteTeamCountry "GER"]
[BlackTeamCountry "GER"]

1. e4 c6 2. d4 d5 3. Nc3 g6 4. e5 e6 5. Nf3 a6 6. h4 h6 7. Bd3 c5 8. dxc5 Bxc5 9. 0-0 Nc6 10. Bf4 Be7 11. Bg3 h5 12. Qd2 Nh6 13. Bf4 Nf5 14. g3 b5 15. Rfe1 Bb7 16. a3 b4 17. axb4 Bxb4 18. Bg5 Qc7 19. Bf6 Rf8 20. Bxf5 gxf5 21. Rad1 Be7 22. Bxe7 Nxe7 23. Ne2 Ng6 24. Ned4 Rg8 25. Re3 Qe7 26. Kh2 Rc8 27. Rc3 Rxc3 28. Qxc3 Kf8 29. Re1 Kg7 30. Qe3 Re8 31. Ng5 Qd7 32. c3 Bc8 33. Qe2 Rh8 34. Qe3 Qb7 35. Re2 Qc7 36. f4 Bd7 37. Qf3 Bc8 38. Re1 Kh6 39. Re2 Rf8 40. Re1 Qb7 41. Re2 Qd7 42. Qd3 Ne7 43. Re1 Ng8 44. Rg1 Bb7 45. g4 hxg4 46. Rxg4 f6 47. Ngxe6 fxg4 48. Nxf8 Qf7 49. Nfe6 Qg6 50. Nf5+ 1-0

[Event "Regionalliga NW 0607"]
[Site "Bayern"]
[Date "2007.02.04"]
[Round "5.6"]
[White "Seeger, Werner"]
[Black "Wuest, Michael"]
[Result "0-1"]
[WhiteElo "2027"]
[BlackElo "1844"]
[PlyCount "79"]
[EventDate "2006.10.15"]
[EventType "team-tourn"]
[EventRounds "9"]
[EventCountry "GER"]
[SourceTitle "EXT 2008"]
[Source "ChessBase"]
[SourceDate "2007.11.25"]
[SourceVersion "1"]
[SourceVersionDate "2007.11.25"]
[SourceQuality "1"]
[WhiteTeam "Burgsinn"]
[BlackTeam "Hof"]
[WhiteTeamCountry "GER"]
[BlackTeamCountry "GER"]

1. d4 e6 2. Nf3 d5 3. c4 Nf6 4. Nc3 Be7 5. Bg5 0-0 6. e3 h6 7. Bh4 Ne4 8. Bxe7 Qxe7 9. Qc2 Nxc3 10. bxc3 Nd7 11. Bd3 dxc4 12. Bxc4 Nb6 13. Bb3 c5 14. Ne5 Bd7 15. a4 a5 16. 0-0 Rac8 17. Qd3 Rfd8 18. Bc2 g6 19. Rfb1 c4 20. Qd2 Qd6 21. e4 Kg7 22. Qf4 Be8 23. Qh4 Nd7 24. Ng4 h5 25. e5 Qc7 26. Nf6 Nxe5 27. Qg5 Nd3 28. Nxh5+ Kh7 29. Nf6+ Kg7 30. Ne4 Qf4 31. Qxf4 Nxf4 32. Rxb7 Rd7 33. Rxd7 Bxd7 34. g3 Nd5 35. Rb1 Rc7 36. Rb8 f5 37. Nc5 Nxc3 38. Kf1 Nd5 39. Ke2 Nb4 40. Kd2 0-1